Materialovedenije poluprovodnikov i dielektrikov /

Enregistré dans:
Détails bibliographiques
Auteurs principaux: Gorelik, Semen Samuilovič (Auteur), Semen Samuilovič, Michail Jakovlevič (Auteur)
Format: Livre
Publié: Moskva : Metallurgija, 1988
Tags: Ajouter un tag
Pas de tags, Soyez le premier à ajouter un tag!

MARC

LEADER 00000nam a22000003a 4500
001 stu14531
005 20150617225800.5
008 ------s1988----xxr---------------------d
040 |a STU  |b slo 
041 0
044 |a xxr 
080 |a 621.315.592 
100 1 |a Gorelik, Semen Samuilovič  |4 aut 
245 1 |a Materialovedenije poluprovodnikov i dielektrikov /  |c [aut.]Gorelik,Semen Samuilovič, Semen Samuilovič,Michail Jakovlevič 
260 |a Moskva :  |b Metallurgija,  |c 1988 
300 |a 575 s :  |b Obr.,tab.,grafy,lit 
700 1 |a Semen Samuilovič, Michail Jakovlevič  |4 aut 
996 |b C83714  |c C*83714  |l CCVIIIB  |s P  |a 0  |w stu14531_0001